| 000 -CABECERA |
| Longitud fija campo de control |
00821nam a2200229 a 4500 |
| 001 - NÚMERO DE CONTROL |
| Número de control |
2656 |
| 003 - IDENTIFICADOR DEL NÚMERO DE CONTROL |
| Identificador del número de control |
CDMR |
| 005 - FECHA Y HORA DE LA ÚLTIMA TRANSACCIÓN |
| Fecha y hora de la última transacción |
20131111135244.0 |
| 008 - CÓDIGOS DE INFORMACIÓN DE LONGITUD FIJA |
| Códigos de información de longitud fija |
130130s1983||||||||||||||||||||||||||||d |
| 020 ## - NÚMERO INTERNACIONAL NORMALIZADO PARA LIBROS |
| Número Internacional Normalizado para Libros (ISBN) |
8431308125 |
| 040 ## - FUENTE DE LA CATALOGACIÓN |
| Centro catalogador de origen |
CDMR |
| Lengua de catalogación |
cat |
| Centro transcriptor |
CDMR |
| 100 1# - PUNTO DE ACCESO PRINCIPAL-NOMBRE DE PERSONA |
| Nombre de persona |
Bertrand, Claude-Jean |
| 9 (RLIN) |
1898 |
| 245 14 - MENCIÓN DE TÍTULO |
| Título |
Los medios de comunicación social en Estados Unidos |
| Mención de responsabilidad, etc. |
Claude-Jean Bertrand ; edición española a cargo e Miguel Urabayen |
| 246 ## - VARIANTES DE TÍTULO |
| Título propio / Título en breve |
Les mass-media aux États-Unis |
| 260 ## - PUBLICACIÓN, DISTRIBUCIÓN, ETC. (PIE DE IMPRENTA) |
| Lugar de publicación, distribución, etc. |
Pamplona |
| Fecha de publicación, distribución, etc. |
1983 |
| Nombre del editor, distribuidor, etc. |
Ediciones Universidad de Navarra |
| 300 ## - DESCRIPCIÓN FÍSICA |
| Extensión |
168 p. |
| 490 0# - MENCIÓN DE SERIE |
| Mención de serie |
Ciencias de la Información (EUNSA) |
| Designación de volumen o secuencia |
42 |
| 650 04 - PUNTO DE ACCESO ADICIONAL DE MATERIA - TÉRMINO DE MATERIA |
| 9 (RLIN) |
3267 |
| Término de materia o nombre geográfico como elemento inicial |
Mitjans de comunicació de massa |
| Subdivisión geográfica |
Estats Units d'Amèrica |
| 650 04 - PUNTO DE ACCESO ADICIONAL DE MATERIA - TÉRMINO DE MATERIA |
| 9 (RLIN) |
4312 |
| Término de materia o nombre geográfico como elemento inicial |
Empreses periodístiques |
| Subdivisión geográfica |
Estats Units d'Amèrica |
| 700 1# - PUNTO DE ACCESO ADICIONAL - NOMBRE DE PERSONA |
| 9 (RLIN) |
960 |
| Nombre de persona |
Urabayen, Miguel |
| Término indicativo de función |
ed. |
| 942 ## - ENTRADA DE ELEMENTOS AGREGADOS (KOHA) |
| Koha [por defecto] tipo de item |
Monografies |
| Fuente de clasificaión o esquema |
|